000 00455nam a2200181Ia 4500
008 230524s9999 xx 000 0 und d
020 _a9788177588507
082 _a658.8343
_bBAT
100 _aRajeev Batra
245 0 _a"Advertising Management,"
250 _a5TH
260 _aNEW DELHI
_bPearson
_c2009
300 _aX;753
500 _aQuantity Number: 15
650 _aManagement
700 _a" John G.Myers, David A.Aaker,,,"
942 _cBK
999 _c43168
_d43168